000 00396nam a2200133Ia 4500
005 20260328104340.0
008 260328s9999||||xx |||||||||||||| ||und||
100 _aMumford, Milton
245 0 _aSCSD :
_b The project and the Schools, a report from Educational Facilities Laboratories /
_cMilton Mumford
260 _bEducational Facilities
300 _a95 p.
650 _aESCUELAS
942 _cBK
999 _c12060
_d12060